LONDON UNDERGROUND: Name the station (Central) Quiz Stats

Quiz not verified by Sporcle

Challenge
Share
Tweet
Embed
Score 0/49 Timer 15:00
1 Play Today
Stations % Correct
Marble Arch
94.8%
Oxford Circus
93.8%
Bank
93.8%
Bond Street
92.7%
Tottenham Court Road
91.7%
Notting Hill Gate
90.6%
Lancaster Gate
88.5%
Queensway
87.5%
St Paul's
87.5%
Chancery Lane
86.5%
Liverpool Street
86.5%
Ealing Broadway
84.4%
Shepherd's Bush
83.3%
Holborn
83.3%
Epping
81.3%
West Ruislip
80.2%
East Acton
80.2%
Mile End
80.2%
North Acton
79.2%
White City
79.2%
Stratford
78.1%
Leyton
77.1%
West Acton
76%
Bethnal Green
76%
Leytonstone
76%
Stations % Correct
Ruislip Gardens
75%
Hainault
75%
South Ruislip
74%
Greenford
71.9%
Hanger Lane
71.9%
Holland Park
71.9%
Woodford
70.8%
Debden
70.8%
Perivale
69.8%
Gants Hill
69.8%
Theydon Bois
69.8%
South Woodford
66.7%
Loughton
66.7%
Northolt
65.6%
Grange Hill
65.6%
Snaresbrook
65.6%
Newbury Park
64.6%
Barkingside
63.5%
Roding Valley
63.5%
Fairlop
61.5%
Buckhurst Hill
61.5%
Wanstead
60.4%
Redbridge
60.4%
Chigwell
60.4%

You're not logged in!

Compare scores with friends on all Sporcle quizzes.
Join for Free
OR
Log In

You Might Also Like...

Show Comments

Extras

Top Quizzes Today


Score Distribution

Your Account Isn't Verified!

In order to create a playlist on Sporcle, you need to verify the email address you used during registration. Go to your Sporcle Settings to finish the process.

Report this User

Report this user for behavior that violates our Community Guidelines.

Details: